000 00631nam a2200253Ia 4500
005 20260306153708.0
008 008 260114s9999 xx 000 0 eng d
020 _a9781316651544
037 _aEBOOK
040 _aCRL
040 _beng
040 _cCRL
041 _2eng
041 _aeng
084 _qCRL
100 _aBaumgold
_91126048
245 0 _aThree-Text Edition of Thomas Hobbes's Political Theory 1st ed
260 _bCambridge University Press
260 _c2017
650 _aPolitical Science
856 _uhttps://doi.org/10.1017/9781316651544
942 _cEBOOK
999 _c1704488
_d1704488